[Event "Open A"]
[Site "Krakow POL"]
[Date "2004.12.31"]
[Round "5"]
[White "Wojtaszek,R"]
[Black "Caba,T"]
[Result "1-0"]
[WhiteElo "2536"]
[BlackElo "2153"]

1.d4 Nf6 2.Bg5 c5 3.d5 Qb6 4.Nc3 d6 5.e4 Nbd7 6.Rb1 g6 7.Nf3 Bg7 8.Bd3 O-O
9.O-O Re8 10.Re1 Ng4 11.Bf1 Nde5 12.h3 h6 13.Bd2 Nxf3+ 14.Qxf3 Nf6 15.Na4 Qd8
16.c4 e5 17.Nc3 Bd7 18.b4 cxb4 19.Rxb4 b6 20.a4 Nh7 21.Qg3 Rf8 22.Nb5 Qe7
23.Rbb1 f5 24.exf5 Bxf5 25.Ra1 Nf6 26.Bb4 Ne4 27.Rxe4 Bxe4 28.Bxd6 Qf6 29.Bxf8 Bxf8
30.Re1 Bc2 31.Rxe5 Bc5 32.Re6 Qa1 33.Rxg6+ Bxg6 34.Qxg6+ Qg7 35.Qxg7+ Kxg7
36.Nc7 Rc8 37.Ne6+ Kf6 38.g4 Re8 39.Kg2 Bd6 40.Kf3 Ke5 41.Bd3 Re7 42.Ke3 Bc5+
43.Ke2 Rf7 44.Bf5 a6 45.f4+ Kd6 46.Be4 b5 47.cxb5 axb5 48.axb5 Rb7 49.g5 hxg5
50.fxg5 Rxb5 51.g6 Rb4 52.g7 Rxe4+ 53.Kf3 Re3+ 54.Kf4 Kxd5 55.g8=Q Rxe6 56.Kf5  1-0

[Event "Lidums Australian Open"]
[Site "Mount Buller AUS"]
[Date "2005.01.02"]
[Round "5"]
[White "Song,R"]
[Black "Hecht,HJ"]
[Result "1/2-1/2"]
[WhiteElo "2002"]
[BlackElo "2389"]

1.d4 Nf6 2.Bg5 d5 3.Bxf6 gxf6 4.e3 Bf5 5.Bd3 Qd7 6.Ne2 Nc6 7.Ng3 Bg6 8.h4 O-O-O
9.h5 Bxd3 10.Qxd3 e6 11.Nd2 f5 12.O-O-O Nb4 13.Qb3 c5 14.dxc5 Bxc5 15.e4 Bxf2
16.Qxb4 Bxg3 17.exf5 Qc7 18.fxe6 fxe6 19.Rhf1 Kb8 20.Rf6 e5 21.Rdf1 Bf4 22.g3 Rc8
23.Qb3 Qe7 24.Rf5 Qe6 25.Qd3 e4 26.Qxd5 Bxd2+ 27.Qxd2 Qxa2 28.Ra5 Qc4 29.Re1 Rhe8
30.Re3 Rcd8 31.Qe2 Qd4 32.c3 Qg7 33.g4 Qc7 34.Ra4 Qf4 35.Kc2 Rd3 36.Rexe4 Rxe4
37.Rxe4 Rd2+ 38.Qxd2 Qxe4+ 39.Qd3 Qxg4 40.Qxh7 Qe2+ 41.Kc1 Qe1+ 42.Kc2 Qe2+  1/2-1/2

[Event "Michael Franett Mem"]
[Site "San Francisco USA"]
[Date "2005.01.02"]
[Round "1"]
[White "Bhat,V"]
[Black "Stein,Alex"]
[Result "1-0"]
[WhiteElo "2410"]
[BlackElo "2362"]

1.d4 Nf6 2.Bg5 c5 3.Bxf6 gxf6 4.d5 Qb6 5.Qc1 e6 6.e4 Bh6 7.Qxh6 Qxb2 8.Ne2 Qxa1
9.Nc3 Qb2 10.Be2 Ke7 11.d6+ Kxd6 12.Qxf6 Qc1+ 13.Bd1 Rg8 14.Nd2 Kc6 15.Qxf7 Rxg2
16.Qf8 Na6 17.e5 Kc7 18.Nb5+ Kb6 19.a4 Nb4 20.Nc4+ Ka6 21.Nc7+  1-0

[Event "112th ch-NZL"]
[Site "Wanganui NZL"]
[Date "2005.01.02"]
[Round "1"]
[White "Ker,A"]
[Black "Van der Hoorn,M"]
[Result "1-0"]
[WhiteElo "2328"]
[BlackElo "2133"]

1.d4 Nf6 2.Bg5 c5 3.Bxf6 gxf6 4.d5 d6 5.c4 Qb6 6.Qd2 Bh6 7.e3 Rg8 8.Nc3 Nd7
9.f4 f5 10.Bd3 Nf6 11.Nf3 Ng4 12.O-O-O Bd7 13.h3 Nf6 14.Nh4 e6 15.dxe6 fxe6
16.Bc2 Bf8 17.e4 fxe4 18.g4 O-O-O 19.g5 Ne8 20.Bxe4 Bg7 21.Qc2 Rf8 22.Rhf1 Qb4
23.Qb3 Bc6 24.Bxc6 bxc6 25.f5 Bd4 26.Rf3 Qxb3 27.axb3 Nc7 28.f6 d5 29.Rdf1 Rd7
30.f7 Kd8 31.g6 h6 32.Ne2 Bg7 33.Nf4 e5 34.Nh5 Ne6 35.Nf5 e4 36.Nhxg7 Nxg7
37.Nxg7 exf3 38.Ne6+ Ke7 39.g7  1-0

[Event "HSK IM"]
[Site "Hamburg GER"]
[Date "2005.01.03"]
[Round "3"]
[White "Fries Nielsen,JO"]
[Black "Huschenbeth,N"]
[Result "1-0"]
[WhiteElo "2388"]
[BlackElo "2118"]


1.d4 d5 2.Bg5 Nf6 3.e3 c6 4.Bxf6 gxf6 5.c4 Rg8 6.Nc3 dxc4 7.Bxc4 Rxg2 8.Nge2 Rg7
9.Qc2 Nd7 10.Nf4 Nb6 11.Bb3 Bg4 12.f3 Bxf3 13.Rf1 Bg4 14.h3 Bd7 15.Nh5 Rg6
16.Nf4 Rh6 17.O-O-O e6 18.Kb1 Qe7 19.Ne4 O-O-O 20.Nc5 Kb8 21.Nfd3 Rxh3 22.e4 Rh5
23.Qf2 Be8 24.Rc1 Ka8 25.Bd1 Rg5 26.Bf3 Qd6 27.Nb3 e5 28.Rfd1 exd4 29.Nxd4 Qg3
30.Qe3 Bh6 31.Nf4 Nd5 32.Nde2 Qh4 33.exd5 Re5 34.dxc6 Rxd1 35.cxb7+ Kb8 36.Rxd1 Bc6
37.Bxc6 Rxe3 38.Rd8+ Kc7 39.Rc8+  1-0

[Event "Lidums Australian Open"]
[Site "Mount Buller AUS"]
[Date "2005.01.03"]
[Round "6"]
[White "Song,R"]
[Black "Rej,T"]
[Result "0-1"]
[WhiteElo "2002"]
[BlackElo "2248"]

1.d4 Nf6 2.Bg5 d5 3.Bxf6 gxf6 4.e3 Qd6 5.Bd3 e5 6.c3 Be6 7.Nd2 Nc6 8.Ne2 O-O-O
9.Qa4 Kb8 10.Ng3 Ne7 11.O-O-O c5 12.dxe5 fxe5 13.e4 Bh6 14.Kb1 Qb6 15.exd5 Nxd5
16.Qc2 Nf4 17.Bf5 Bd5 18.Be4 Be6 19.Rhe1 Bg4 20.Bf3 Nd3 21.Re2 Be6 22.Be4 Qa6
23.b3 Nf4 24.Ree1 Bg4 25.Bf3 Be6 26.Be4 Rhe8 27.Bxh7 Nxg2 28.Re4 Qd6 29.Ngf1 Rh8
30.Ra4 Bg5 31.Be4 Nh4 32.b4 c4 33.Ne3 Bxe3 34.fxe3 Bg4 35.Rg1 Qxd2 36.Qxd2 Rxd2
37.Kc1 Rdd8 38.Rxg4 f5 39.Rxh4 Rxh4 40.Bxf5 Rxh2 41.b5 Rg8  0-1

[Event "47th It"]
[Site "Reggio Emilia ITA"]
[Date "2005.01.03"]
[Round "6"]
[White "Miladinovic,I"]
[Black "Tirabassi,M"]
[Result "1/2-1/2"]
[WhiteElo "2611"]
[BlackElo "2330"]

1.d4 Nf6 2.Bg5 c5 3.Bxf6 gxf6 4.dxc5 Qa5+ 5.Nd2 Qxc5 6.c3 b6 7.Ne4 Qc7 8.Ng3 Bb7
9.e3 Na6 10.N1e2 Nc5 11.a4 a6 12.Nf4 e6 13.Be2 Be7 14.O-O O-O 15.b4 Ne4 16.Bd3 f5
17.Rc1 Nxg3 18.hxg3 Qe5 19.g4 fxg4 20.Bxh7+ Kxh7 21.Qxd7 Bxg2 22.Kxg2 Bg5
23.Rh1+ Kg7 24.Nh5+ Kg6 25.Ng3 Rad8 26.Qb7 b5 27.Rcd1 bxa4 28.Rd4 Rxd4 29.cxd4 Qd6
30.Ne4 Qb8 31.Qxa6 Qa8 32.Qxa8 Rxa8 33.Ra1 a3 34.Nc5 Be7 35.Ra2 Rb8 36.Nd7 Rxb4
37.Ne5+ Kg7 38.Rxa3 Rxd4 39.Ra7 Re4 40.Nd3 Bd6 41.Rd7 Bb8  1/2-1/2

[Event "ch-FENACH"]
[Site "Santiago CHI"]
[Date "2005.01.04"]
[Round "2"]
[White "Arancibia,E"]
[Black "Lopez Silva,H"]
[Result "0-1"]
[WhiteElo "2364"]
[BlackElo "2386"]

1.d4 Nf6 2.Bg5 c5 3.Bxf6 gxf6 4.d5 f5 5.e3 Qb6 6.Qc1 Bg7 7.c3 e6 8.Bc4 Na6
9.Ne2 Nc7 10.Ng3 Qd6 11.dxe6 dxe6 12.Nh5 Bh6 13.Na3 Qc6 14.Kf1 b5 15.Be2 Bb7
16.Bf3 Qb6 17.Bxb7 Qxb7 18.Qd1 Rd8 19.Qe2 Ke7 20.c4 b4 21.Nc2 Rd7 22.Ne1 Rhd8
23.Nf3 a5 24.h3 Ne8 25.g4 Rd2  0-1

[Event "Lidums Australian Open"]
[Site "Mount Buller AUS"]
[Date "2005.01.07"]
[Round "9"]
[White "Wallis,C"]
[Black "Wei,M"]
[Result "0-1"]
[WhiteElo "2051"]
[BlackElo "2090"]

1.d4 Nf6 2.Bg5 c5 3.Bxf6 gxf6 4.d5 Qb6 5.Qc1 Bg7 6.c4 f5 7.Nc3 e5 8.Rb1 Qg6
9.e3 d6 10.Nge2 a6 11.Qc2 Nd7 12.Ng3 Nf6 13.Qa4+ Bd7 14.Qb3 Rb8 15.Qb6 Ne4
16.Ncxe4 fxe4 17.Qc7 Ke7 18.b4 Rhc8 19.Qb6 f5 20.bxc5 Rxc5 21.Qa7 Rcc8 22.Rxb7 Rxb7
23.Qxb7 f4 24.Ne2 fxe3 25.fxe3 Rxc4 26.g3 Qg4 27.Qxa6 Rc2 28.Kd1 Rb2 29.Kc1 Rb5
30.Kd2 Qf3 31.Rg1 Rxd5+ 32.Kc2 Qxe3 33.Rg2 Qd2+ 34.Kb3 Rd3+  0-1

[Event "Michael Franett Mem"]
[Site "San Francisco USA"]
[Date "2005.01.10"]
[Round "9"]
[White "Bhat,V"]
[Black "Baginskaite,C"]
[Result "1-0"]
[WhiteElo "2410"]
[BlackElo "2336"]

1.d4 Nf6 2.Bg5 c5 3.Bxf6 gxf6 4.d5 Qb6 5.Qc1 f5 6.g3 Bg7 7.c3 Qd6 8.Bg2 b5
9.Qc2 f4 10.Nh3 fxg3 11.hxg3 Bb7 12.e4 Na6 13.Nf4 c4 14.Nh5 Qg6 15.Na3 Nc7
16.Qe2 O-O-O 17.Nc2 e6 18.d6 Ne8 19.Qe3 Kb8 20.a4 b4 21.Nxb4 Nxd6 22.Nxg7 Qxg7
23.Rd1 Ne8 24.a5 Qe5 25.a6 Ba8 26.O-O Nf6 27.Rd4 Rc8 28.b3 d5 29.bxc4 Ng4
30.Qe2 Qh5 31.Rb1 dxe4 32.Nd5+  1-0

[Event "Tch-FIN 2004-5"]
[Site "Finland FIN"]
[Date "2005.01.15"]
[Round "6"]
[White "Salimaki,J"]
[Black "Sorri,K"]
[Result "1/2-1/2"]
[WhiteElo "2214"]
[BlackElo "2272"]

1.d4 d5 2.Bg5 Nf6 3.e3 c6 4.Bxf6 exf6 5.g3 Nd7 6.Bg2 f5 7.Ne2 Nf6 8.Nd2 Bd6
9.b3 O-O 10.O-O Ne4 11.c4 Qa5 12.Nf3 Be6 13.c5 Bb8 14.Qc2 Qd8 15.b4 Kh8 16.a4 Bc7
17.b5 f6 18.Rfb1 Bc8 19.Ne1 Qe8 20.Rb3 Qh5 21.a5 a6 22.bxc6 bxc6 23.Nd3 Ng5
24.Nb4 Qe8 25.Nc3 Ne4 26.Bf1 Ng5 27.Qd1 Ne6 28.Bd3 g6 29.Qf1 Ng5 30.Qe2 Rb8
31.Rbb1 Ne4 32.Nd1 Qe6 33.Nxa6 Bxa6 34.Rxb8 Rxb8 35.Bxa6 Ra8 36.Nb2 Ng5 37.h4 Nf3+
38.Qxf3 Rxa6 39.Nd3 Rxa5 40.Rxa5 Bxa5 41.Qf4 Qe8 42.h5 Kg7 43.h6+ Kf7 44.Qd6 g5
45.Kf1 Qc8 46.Ke2 Qb7 47.Kf3 Qc8 48.Ke2 Qb7 49.Kf3 Qc8  1/2-1/2

[Event "Zimski Winter Open"]
[Site "Belgrade SCG"]
[Date "2005.01.22"]
[Round "1"]
[White "Lundin,J"]
[Black "Brakus,D"]
[Result "1-0"]
[WhiteElo "2274"]
[BlackElo "2059"]

1.d4 Nf6 2.Bg5 c5 3.Bxf6 gxf6 4.d5 Qb6 5.Qc1 Bh6 6.e3 d6 7.g3 Bf5 8.Bg2 Na6
9.a3 c4 10.Ne2 Rc8 11.O-O Bg4 12.Nbc3 Nc5 13.Nd4 Bd7 14.Qd2 O-O 15.Rab1 Rfe8
16.Qe2 Bg7 17.Rfd1 Qa6 18.Qh5 e6 19.Nf3 Re7 20.Qh4 Rce8 21.Nd2 b5 22.Nde4 Nxe4
23.Nxe4 exd5 24.Nxf6+ Bxf6 25.Qxf6 Be6 26.Bxd5 Bxd5 27.Rxd5 Re6 28.Rg5+ Kf8
29.Qg7+ Ke7 30.Rf5  1-0

[Event "It"]
[Site "Chernigov UKR"]
[Date "2005.01.23"]
[Round "2"]
[White "Tihonov,J"]
[Black "Eschenko,V"]
[Result "1/2-1/2"]
[WhiteElo "2454"]
[BlackElo "2438"]

1.d4 d5 2.Bg5 Nf6 3.Bxf6 exf6 4.e3 c6 5.Bd3 Bd6 6.Nd2 Be6 7.Ngf3 O-O 8.e4 dxe4
9.Nxe4 Bf4 10.O-O Nd7 11.c3 Re8 12.Qc2 Bg4 13.Ned2 h6 14.Rae1 Qc7 15.h3 Be6
16.Bc4 Nf8 17.Re4 Rad8 18.Re2 Bxc4 19.Nxc4  1/2-1/2

[Event "Zimski Winter Open"]
[Site "Belgrade SCG"]
[Date "2005.01.25"]
[Round "3"]
[White "Lundin,J"]
[Black "Maksimovic,Mir"]
[Result "0-1"]
[WhiteElo "2274"]
[BlackElo "2185"]

1.d4 Nf6 2.Bg5 c5 3.Bxf6 gxf6 4.d5 Qb6 5.Qc1 f5 6.g3 Bg7 7.c3 d6 8.Bg2 Nd7
9.Nh3 Nf6 10.O-O e5 11.dxe6 fxe6 12.Nd2 O-O 13.e4 e5 14.exf5 Bxf5 15.Nc4 Qa6
16.Ne3 Bh6 17.Nf4 Bxf4 18.gxf4 Bd3 19.fxe5 dxe5 20.Re1 Kh8 21.Nd1 Rg8 22.Rxe5 Be4
23.Ne3 Qc6 24.f3 Bxf3 25.Qc2 Rg7 26.Rf1 Rag8 27.Rf2 Ng4 28.Rxf3 Nxe5 29.Rg3 Rxg3
30.hxg3 Rxg3 31.Qf2 Rg8 32.Kf1 Qg6 33.c4 Ng4 34.Nxg4 Qxg4 35.Qf6+ Qg7 36.Qf2 b6
37.Qe2 Rf8+ 38.Ke1 Qg3+ 39.Kd1 Rd8+ 40.Kc2 Qg7 41.Bd5 Qd4 42.a3 Rf8 43.Kb3 b5
44.Ka2 bxc4 45.Bxc4 a5 46.a4 Rf2 47.Qe8+ Kg7 48.Qg8+ Kh6 49.Qe6+ Kg5 50.Qe7+ Kf4
51.Qh4+ Ke3 52.Qg5+ Rf4 53.Qe7+  0-1

[Event "10th HIT Open A"]
[Site "Nova Gorica SLO"]
[Date "2005.01.30"]
[Round "4"]
[White "Spelec,D"]
[Black "Stantic,S"]
[Result "1-0"]
[WhiteElo "2078"]
[BlackElo "2096"]

1.d4 Nf6 2.Bg5 d5 3.Nc3 Bf5 4.Nf3 Ne4 5.Bh4 f6 6.e3 h5 7.h3 g5 8.Bg3 Nxg3
9.fxg3 e6 10.Bd3 Bd6 11.Kf2 Bh7 12.Bxh7 Rxh7 13.e4 c6 14.Re1 Be7 15.exd5 exd5
16.Qd3 Rg7 17.Nd1 Kd7 18.c4 Kc7 19.Ne3 Bf8 20.Nf5 Rd7 21.c5 Na6 22.Rac1 Rc8
23.a3 Kb8 24.b4 Nc7 25.Re2 Ne8 26.a4 Ng7 27.Rce1 Qc7 28.Nxg7 Rxg7 29.Qf5 Qf7
30.Re6 Qg6 31.Rxf6 Qxf5 32.Rxf5 Be7 33.Re6 Rh8 34.Ne5 Rhh7 35.b5 cxb5 36.axb5 Kc7
37.b6+ axb6 38.cxb6+ Kd8 39.Ke2 Bb4 40.Rf1 Rg8 41.Ra1  1-0

[Event "Oceania zt"]
[Site "Auckland NZL"]
[Date "2005.02.01"]
[Round "4"]
[White "Ker,A"]
[Black "Chan,Jas"]
[Result "1-0"]
[WhiteElo "2327"]
[BlackElo "2140"]

1.d4 Nf6 2.Bg5 g6 3.Bxf6 exf6 4.c4 f5 5.Nc3 Bg7 6.g3 O-O 7.Bg2 d6 8.e3 Nd7
9.Nge2 Nf6 10.Qc2 Re8 11.O-O c6 12.b4 Bd7 13.b5 Qa5 14.Rab1 Rab8 15.Rb3 Rec8
16.Qd3 cxb5 17.cxb5 Be6 18.Rb2 Bc4 19.Qd2 d5 20.Nxd5 Qxd2 21.Nxf6+ Bxf6 22.Rxd2 Bxb5
23.Rb1 Ba6 24.Nf4 b6 25.Nd5 Bd8 26.Nb4 Bb7 27.d5 Kf8 28.Nc6 Bxc6 29.dxc6 Rc7
30.Rbd1 Be7 31.Rd7 Rbc8 32.Kf1 Ke8 33.Ke2 Kf8 34.h3 Ke8 35.g4 fxg4 36.hxg4 h6
37.f4 a5 38.a4 Kf8 39.Be4 Ke8 40.Kf3 Kf8 41.Kg3 Ke8 42.Bd3 Kf8 43.Bb5 Ke8
44.Ba6 Rd8 45.Rxc7 Rxd1 46.Rxe7+  1-0

[Event "Oceania zt"]
[Site "Auckland NZL"]
[Date "2005.02.02"]
[Round "6"]
[White "Ker,A"]
[Black "Feldman,V"]
[Result "0-1"]
[WhiteElo "2327"]
[BlackElo "2300"]

1.d4 Nf6 2.Bg5 d5 3.Bxf6 exf6 4.e3 Bd6 5.c4 dxc4 6.Bxc4 O-O 7.Nc3 c6 8.Nf3 Nd7
9.Qc2 f5 10.Bd3 g6 11.O-O Nf6 12.a3 Re8 13.b4 Be6 14.b5 Rc8 15.bxc6 Nd5 16.Nxd5 Bxd5
17.Qe2 Bxc6 18.Bb5 Re7 19.Bxc6 Rxc6 20.Qb2 Qa5 21.Rfc1 Rxc1+ 22.Qxc1 Rc7
23.Qb2 Qa4 24.g3 b5 25.d5 Qe4 26.Nd4 a6 27.Qb3 f4 28.gxf4 Bxf4 29.Rd1 Bd6
30.Ne2 Qg4+ 31.Ng3 h5 32.Rd4 Qh3 33.Qd1 h4 34.Nf1 Bxa3 35.d6 Rd7 36.Qa1 Rxd6
37.Re4 Re6 38.Rxe6 Qxe6 39.Qxa3 Qg4+ 40.Ng3 hxg3 41.Qxa6 gxf2+ 42.Kxf2 Qf5+
43.Ke2 Qc2+ 44.Kf3 b4 45.Qa8+ Kg7 46.Qa1+ Kg8 47.Qd4 Qf5+ 48.Ke2 Qc2+ 49.Kf3 Qf5+
50.Ke2 b3 51.Qb2 Qd5 52.Ke1 Qh1+ 53.Kd2 Qxh2+ 54.Kc3 Qxb2+ 55.Kxb2 g5  0-1

[Event "Jersey Open"]
[Site "Jersey JCI"]
[Date "2005.02.13"]
[Round "1"]
[White "Fowler,S"]
[Black "Howell,D"]
[Result "0-1"]
[WhiteElo "2116"]
[BlackElo "2348"]

1.d4 Nf6 2.Bg5 d5 3.Bxf6 exf6 4.e3 Bd6 5.g3 h5 6.h4 c6 7.Bg2 Nd7 8.Ne2 f5
9.b3 Nf6 10.c4 Be6 11.c5 Bc7 12.b4 Ne4 13.Nf4 g5 14.hxg5 Qxg5 15.Bxe4 fxe4
16.Rxh5 Rxh5 17.Qxh5 Bxf4 18.Qh8+ Ke7 19.Qxa8 Bxg3 20.Qxb7+ Kf6 21.Ke2 Bg4+
22.Kd2 Bxf2 23.Qxc6+ Kg7 24.Kc2 Qxe3 25.Nc3 Qd3+ 26.Kb3 Bxd4 27.Ka4 Qc2+
28.Ka5 Qxc3 29.Qxd5 Qa3+ 30.Kb5 Be2+ 31.Kc6 Qa6+ 32.Kc7 Bxa1 33.Qxe4 Qe6
34.Qg2+ Bg4 35.c6 Be5+ 36.Kb7 Qc8+ 37.Kxa7 Bd4+  0-1

[Event "Bundesliga 2004-5"]
[Site "Solingen GER"]
[Date "2005.02.13"]
[Round "11"]
[White "Fries Nielsen,JO"]
[Black "Stellwagen,D"]
[Result "0-1"]
[WhiteElo "2379"]
[BlackElo "2524"]

1.d4 Nf6 2.Bg5 c5 3.Nc3 cxd4 4.Qxd4 Nc6 5.Qd2 e6 6.e4 h6 7.Bxf6 Qxf6 8.f4 g5
9.Nh3 gxf4 10.Nxf4 Qd4 11.Bd3 Bc5 12.Rf1 Qe3+ 13.Qxe3 Bxe3 14.Be2 Bd4 15.Kd2 Ke7
16.Bh5 Rh7 17.Rab1 b6 18.Nce2 Bh8 19.Rf2 Ne5 20.b3 Bb7 21.Ng3 Rg8 22.Rbf1 Ng4
23.Bxg4 Rxg4 24.Ke3 Be5 25.c4 Rg5 26.Nh3 Bxg3 27.hxg3 Rxg3+ 28.Kd2 Bxe4 29.Nf4 h5
30.Re1 f5  0-1

[Event "Jersey Open"]
[Site "Jersey JCI"]
[Date "2005.02.16"]
[Round "4"]
[White "Collier,D"]
[Black "Clark,IC"]
[Result "0-1"]
[WhiteElo "2142"]
[BlackElo "2107"]

1.d4 d5 2.Bg5 Nf6 3.Bxf6 gxf6 4.e3 Bf5 5.c4 c6 6.Qb3 Qb6 7.Nd2 e6 8.c5 Qxb3
9.axb3 Nd7 10.b4 Be7 11.Ne2 Bd3 12.Ra3 Bb5 13.Nc3 Bxf1 14.Rxf1 f5 15.g3 a6
16.b5 cxb5 17.Nxb5 O-O 18.Nc3 b6 19.b4 a5 20.bxa5 bxc5 21.dxc5 Nxc5 22.Ra2 Bd8
23.Ke2 Rxa5 24.Rfa1 Rxa2 25.Rxa2 Bf6 26.Rc2 Ne4 27.Ncxe4 fxe4 28.Nb3 Ra8
29.Nd4 Bxd4 30.exd4 Ra3 31.Rb2 Kg7 32.Rd2 Kg6 33.Rb2 h5 34.h4 Kf5 35.Rb7 Kg6
36.Rb2 Kf6 37.Rb8 Rd3 38.Rb4 Kf5 39.Ra4 f6 40.Rb4 Ra3 41.Rb8 Ra4 42.Rh8 Rxd4
43.Rxh5+ Kg6 44.Rh8 Ra4 45.Rb8 Ra2+ 46.Ke3 Ra3+ 47.Ke2 d4 48.Rb6 Ra2+ 49.Ke1 e5
50.g4 Ra1+ 51.Ke2 Rh1 52.g5 Rxh4 53.gxf6 Rf4 54.Re6 Rf5 55.Re8 Kxf6 56.Rf8+ Kg5
57.Rg8+ Kf4 58.Rg3 Rg5 59.Rh3 Rg8 60.Rh7 Kf5 61.Rf7+ Ke6 62.Ra7 Rc8 63.Ra2 Kf5
64.Ra7 Rc2+ 65.Ke1 Ke6 66.Ra5 d3 67.Ra8 Re2+ 68.Kf1 Rc2 69.Ke1 Rc5 70.Rd8 Rc6
71.Kd2 Rd6 72.Ra8 Kf5 73.Rf8+ Rf6 74.Rg8 Kf4 75.Rg3 Ra6 76.Rg8 Ra2+ 77.Ke1 e3
78.Rf8+ Ke4 79.f3+ Kd4 80.Rd8+ Kc4 81.Rc8+ Kb5 82.Rb8+ Kc6 83.Rb1 Rh2  0-1

[Event "Nordea Cup"]
[Site "Dianalund DEN"]
[Date "2005.02.17"]
[Round "6"]
[White "Naes,F"]
[Black "Hovmoller,K"]
[Result "1-0"]
[WhiteElo "2302"]
[BlackElo "2287"]

1.d4 Nf6 2.Bg5 d5 3.Bxf6 gxf6 4.e3 c6 5.g3 Bf5 6.Bg2 e6 7.Ne2 Nd7 8.b3 Qa5+
9.c3 Bxb1 10.Qxb1 f5 11.O-O Nf6 12.c4 Be7 13.Qc2 O-O 14.a3 b5 15.b4 Qd8 16.c5 Qd7
17.a4 a6 18.Ra2 Ra7 19.Rfa1 Rfa8 20.Nc1 Ne8 21.Bf1 Nc7 22.Ra3 bxa4 23.Qxa4 Rb8
24.Nd3 Bf6 25.Qc2 Rab7 26.Ra4 Kh8 27.Qd2 Qe8 28.Ne1 Qc8 29.Rxa6 Rxb4 30.Rxc6 Qb7
31.Rd6 Ne8 32.Rda6 Rb2 33.Qa5 Bd8 34.Qa4  1-0

[Event "76th ch-GER"]
[Site "Altenkirchen GER"]
[Date "2005.02.19"]
[Round "2"]
[White "Dresen,U"]
[Black "Heidorn,O"]
[Result "1-0"]
[WhiteElo "2322"]
[BlackElo "2111"]

1.d4 Nf6 2.Bg5 c5 3.Bxf6 gxf6 4.c3 Qb6 5.Qc2 cxd4 6.cxd4 Nc6 7.e3 d6 8.Nc3 Bf5
9.Qd2 Bh6 10.Nf3 O-O 11.Be2 Kh8 12.O-O Rg8 13.Kh1 Rg7 14.d5 Ne5 15.Nd4 Bd7
16.f4 Ng6 17.g3 Rag8 18.Bf3 e5 19.Nde2 Ne7 20.Be4 Bh3 21.Bg2 Bxg2+ 22.Kxg2 Nf5
23.Nd1 Re8 24.Rc1 Rgg8 25.Qd3 e4 26.Qb3 Qa6 27.Kf2 Bg7 28.Rc4 Nh6 29.h3 b6
30.g4 Qb7 31.Ndc3 Qd7 32.Rg1 Rc8 33.Nd4 Rxc4 34.Qxc4 Rc8 35.Nc6 f5 36.g5 Ng8
37.b4 Ne7 38.b5 Rc7 39.h4 Kg8 40.Ne2 a6 41.Rc1 Nxc6 42.dxc6 Qc8 43.bxa6  1-0

[Event "Aeroflot Open"]
[Site "Moscow RUS"]
[Date "2005.02.22"]
[Round "8"]
[White "Radjabov,T"]
[Black "Areshchenko,A"]
[Result "1-0"]
[WhiteElo "2667"]
[BlackElo "2570"]

1.d4 Nf6 2.Bg5 c5 3.d5 Ne4 4.Bf4 Qb6 5.Nd2 Qxb2 6.Nxe4 Qb4+ 7.c3 Qxe4 8.e3 b5
9.Nf3 c4 10.Be2 d6 11.O-O Bb7 12.Nd2 Qf5 13.Rb1 Qd7 14.Bg4 Qc7 15.Rxb5 a6
16.Rb4 Bxd5 17.Bf3 Bc6 18.Nxc4 Nd7 19.Bxc6 Qxc6 20.Na5 Qxc3 21.Qa4 g5 22.Bxg5 Rg8
23.Bh4 f5 24.h3 Ra7 25.Nc6 Rc7 26.Nd4 Kf7 27.Nxf5 Nc5 28.Qa5 Rd7 29.Nxd6+ Ke6
30.Ne4 Rd5 31.Nxc3  1-0

[Event "76th ch-GER"]
[Site "Altenkirchen GER"]
[Date "2005.02.25"]
[Round "8"]
[White "Dresen,U"]
[Black "Schinke,A"]
[Result "1-0"]
[WhiteElo "2322"]
[BlackElo "2191"]

1.d4 Nf6 2.Bg5 c5 3.Bxf6 gxf6 4.d5 Qb6 5.Qc1 f5 6.c4 Bg7 7.Nc3 Qa5 8.e3 Bxc3+
9.bxc3 d6 10.Bd3 e5 11.f3 Qd8 12.g3 Qg5 13.f4 Qh5 14.Be2 Qh6 15.fxe5 dxe5
16.Nf3 e4 17.Nh4 Rg8 18.a4 Na6 19.Rf1 Rg5 20.a5 Kf8 21.Rf4 Qd6 22.Ra2 Nc7
23.Qa1 Ne8 24.Bf1 Ng7 25.Be2 Bd7 26.Kf2 Rd8 27.Kg1 Bc8 28.Kh1 Kg8 29.Qf1 Qe5
30.Qc1 Qd6 31.Qa3 Re8 32.Ra1 Re7 33.Raf1 Rc7 34.R4f2 Qe5 35.Ng2 h6 36.Nf4 Ne8
37.Rb1 Nd6 38.Bf1 Bd7 39.Rfb2 Bc8 40.Rb3 Kh8 41.Qa2 Kh7 42.Qg2 Qg7 43.Be2 Qe5
44.Qh3 Rg8 45.Qf1 Rg5 46.Qf2 Rg8 47.Nh5 Rg5 48.Nf4 Rg8 49.Ng2 Rg5 50.Rf1 Re7
51.Nh4 Rc7 52.Qg2 Re7 53.Rf4 Re8 54.Qf1 Re7 55.Ng2 Rc7 56.Rh4 Re7 57.Nf4 Rc7
58.Qh3 Qg7 59.Qf1 Qe5 60.Qa1 Re7 61.Qa4 Rc7 62.Qa3 Bd7 63.a6 b6 64.Rxb6 axb6
65.a7 Rg8 66.a8=Q Rxa8 67.Qxa8 Nc8 68.Qb8 Qd6 69.g4 Ra7 70.Qxd6 Nxd6 71.g5 Nc8
72.Rxh6+ Kg7 73.Nh5+ Kf8 74.d6 Kg8 75.Nf6+ Kg7 76.h4 Ra1+ 77.Kg2 Ra2 78.Kf1 Ra1+
79.Kf2 Ra2 80.Rh7+ Kg6 81.Rh8 f4 82.exf4 Nxd6 83.Nxd7 Kf5 84.Rh6 Kxf4 85.Rxd6  1-0

[Event "12th Metalis Open"]
[Site "Bizovac CRO"]
[Date "2005.02.25"]
[Round "3"]
[White "Doric,D"]
[Black "Grandic,Z"]
[Result "1/2-1/2"]
[WhiteElo "2346"]
[BlackElo "2179"]

1.d4 Nf6 2.Bg5 d5 3.e3 e6 4.Nd2 c5 5.c3 Nc6 6.Ngf3 Bd6 7.Bd3 Qc7 8.O-O Nd7
9.e4 f6 10.exd5 exd5 11.Re1+ Ne7 12.Bh4 c4 13.Bc2 O-O 14.Bg3 Nb6 15.b3 Bg4
16.Qb1 Kh8 17.a4 Bxg3 18.hxg3 Rae8 19.a5 Nbc8 20.Nh2 Bd7 21.Nhf1 b5 22.axb6 axb6
23.Ne3 b5 24.b4 Nb6 25.Qd1 Ra8 26.Qh5 g6 27.Qh6 Ng8 28.Qh4 Kg7 29.Ra5 Qd6
30.Qf4 Qxf4 31.gxf4 Bc6 32.Rea1 Rxa5 33.Rxa5 Ra8 34.Rxa8 Nxa8  1/2-1/2

[Event "Millennium Open"]
[Site "Virginia Beach USA"]
[Date "2005.02.27"]
[Round "5"]
[White "Kaufman,R"]
[Black "Greanias,S"]
[Result "1-0"]
[WhiteElo "2255"]
[BlackElo "2164"]

1.d4 Nf6 2.Bg5 g6 3.Bxf6 exf6 4.e3 d5 5.c4 dxc4 6.Bxc4 Bd6 7.Nc3 a6 8.Qc2 O-O
9.h4 b5 10.Bd5 Ra7 11.h5 c6 12.hxg6 cxd5 13.g7  1-0

[Event "TCh-BEL 2004-5"]
[Site "Belgium BEL"]
[Date "2005.03.06"]
[Round "10"]
[White "Winants,L"]
[Black "Lazarev,V"]
[Result "1/2-1/2"]
[WhiteElo "2535"]
[BlackElo "2506"]

1.d4 Nf6 2.Bg5 d5 3.e3 c5 4.Bxf6 exf6 5.Nc3 Be6 6.g3 cxd4 7.exd4 Bb4 8.Ne2 O-O
9.Bg2 Nc6 10.O-O Ne7 11.a3 Bxc3 12.Nxc3 Qd7 13.Re1 Rac8 14.Ne2 Rc7 15.Nf4 Ng6
16.Nd3 b6 17.c3 Rd8 18.Qb3 Qd6 19.Qb4 Ne7 20.Qxd6 Rxd6 21.Re3 g5 22.Rae1 Kg7
23.R3e2 Kf8 24.Nb4 a5 25.Nc2 Ng6 26.Rf1 Bc8 27.Rfe1 Be6 28.Rf1 Bc8 29.Rfe1 Be6  1/2-1/2

[Event "FSIMB March"]
[Site "Budapest HUN"]
[Date "2005.03.12"]
[Round "8"]
[White "Martini,B"]
[Black "Horvath,An"]
[Result "1/2-1/2"]
[WhiteElo "2333"]
[BlackElo "2330"]

1.d4 Nf6 2.Bg5 d5 3.Bxf6 gxf6 4.c4 dxc4 5.e3 c5 6.Bxc4 cxd4 7.exd4 Bg7 8.Qh5 O-O
9.Ne2 Nc6 10.Nbc3 Qa5 11.Qxa5 Nxa5 12.Bd3 f5 13.d5 Bd7 14.Rc1 Rac8 15.b3 a6
16.O-O b5 17.Nd1  1/2-1/2

[Event "ch-BLR"]
[Site "Minsk BLR"]
[Date "2005.03.15"]
[Round "12"]
[White "Kupreichik,V"]
[Black "Tihonov,J"]
[Result "1/2-1/2"]
[WhiteElo "2437"]
[BlackElo "2454"]

1.d4 Nf6 2.Bg5 c5 3.dxc5 e6 4.e3 Bxc5 5.Nf3 O-O 6.Bd3 h6 7.Bh4 b6 8.O-O Bb7
9.Nbd2 Be7 10.c4 d6 11.Rc1  1/2-1/2

[Event "ITT Ricardo Lettieri"]
[Site "Pinamar ARG"]
[Date "2005.03.15"]
[Round "8"]
[White "Rodi,L"]
[Black "Roca,A"]
[Result "1-0"]
[WhiteElo "2258"]
[BlackElo "2366"]

1.d4 Nf6 2.Bg5 d5 3.Bxf6 exf6 4.e3 Bd6 5.g3 c6 6.Nd2 O-O 7.Bg2 Nd7 8.Ne2 f5
9.c4 dxc4 10.Nxc4 Bc7 11.Qc2 Nf6 12.Nf4 Bxf4 13.gxf4 Be6 14.Ne5 Bd5 15.f3 Be6
16.O-O Nd5 17.Qf2 Re8 18.Rfe1 Qa5 19.Bf1 c5 20.dxc5 Qxc5 21.Rac1 Qa5 22.Kh1 Rac8
23.Bc4 f6 24.Nd3 Qb6 25.b3 Bf7 26.Bxd5 Bxd5 27.Rxc8 Rxc8 28.e4 Qxf2 29.Nxf2 Bc6
30.Kg1 Rd8 31.Re2 Rd1+ 32.Kg2 fxe4 33.Nxe4 f5 34.Rd2 Rxd2+ 35.Nxd2 Kf7 36.Kf2 Ke6
37.Ke3 Kd5 38.Kd3 Bb5+ 39.Nc4 h6 40.Kc3 Bxc4 41.bxc4+ Kc5 42.h4 g6 43.a3 a6
44.Kd3 Kb6 45.Kd4 Ka5 46.Ke5 Ka4 47.Kf6 Kxa3 48.Kxg6 a5 49.Kxf5 a4 50.Kg6 Kb3
51.f5 a3 52.f6 a2 53.f7 a1=Q 54.f8=Q Qa6+ 55.Kh5 Kxc4 56.f4 Kd4 57.Qe7 Qb5+
58.Kxh6 Qc6+ 59.Kg7 b5 60.f5 Qg2+ 61.Kh7 Qc2 62.Qd6+ Ke3 63.Qg3+ Kd4 64.Qd6+ Ke3
65.Qe5+ Kf3 66.Qxb5 Kg4 67.Kg7 Kxh4 68.f6 Qg2+ 69.Kf7 Qe4 70.Kf8  1-0

[Event "ch-FAI"]
[Site "Oyrarbakka ch-FAI"]
[Date "2005.03.19"]
[Round "2"]
[White "Augustinussen,B"]
[Black "Andreasen,Ja"]
[Result "0-1"]
[WhiteElo "1881"]
[BlackElo "1993"]

1.d4 d5 2.Bg5 Nf6 3.Bxf6 gxf6 4.Nc3 Bf5 5.Qd2 c6 6.Nf3 Nd7 7.Qf4 Bxc2 8.Rc1 Bg6
9.g3 Qb6 10.Qd2 e6 11.a3 Bd6 12.Bg2 Qd8 13.Na4 Nb6 14.Nxb6 axb6 15.Nh4 b5
16.O-O Qe7 17.Ra1 Ra4 18.b4 O-O 19.Nxg6 fxg6 20.Rfe1 f5 21.f4 Rxa3 22.Rxa3 Bxb4
23.Rc3 Ra8 24.Rec1 Ra3 25.Qb2 Rxc3 26.Rxc3 Bxc3 27.Qxc3 b4 28.Qc2 Qd6 29.e3 b6
30.Bf1 c5 31.Bb5 c4 32.Qa4 b3 33.Bxc4 dxc4 34.Qxc4 Qa3 35.Qxe6+ Kg7  0-1

[Event "Norwegian Open"]
[Site "Oslo NOR"]
[Date "2005.03.20"]
[Round "2"]
[White "Adnoy,H"]
[Black "Gladyszev,O"]
[Result "1-0"]
[WhiteElo "2222"]
[BlackElo "2451"]

1.d4 Nf6 2.Bg5 g6 3.Bxf6 exf6 4.e3 Bg7 5.Bd3 f5 6.Ne2 d6 7.O-O Nd7 8.c4 O-O
9.Nbc3 Nf6 10.Nf4 Re8 11.Qf3 c6 12.Rfd1 Qe7 13.Re1 Bd7 14.Qe2 Bh6 15.g3 Ne4
16.Qc2 Nxc3 17.Qxc3 Qf6 18.Qd2 Bxf4 19.gxf4 c5 20.Bf1 Bc6 21.d5 Bd7 22.Kh1 Rab8
23.a4 b6 24.Bg2 a6 25.f3 Re7 26.Re2 b5 27.cxb5 axb5 28.a5 b4 29.e4 fxe4 30.fxe4 Bb5
31.Ree1 Ba6 32.e5 dxe5 33.d6 Re6 34.fxe5 Rxe5 35.Rxe5 Qxe5 36.Re1 Qf6 37.d7  1-0